Rozsypanka literowa - stolice stanów USA - Statystyki

Ogólne statystyki
  • Ten quiz został rozwiązany 17 razy
  • Średni wynik to 6 z 20
Statystyki odpowiedzi
Stolica % Poprawnych
Phoenix
100%
Atlanta
88%
Denver
75%
Boston
71%
Honolulu
71%
Montgomery
67%
Lincoln
60%
Pierre
60%
Columbia
50%
Dover
50%
Augusta
44%
Boise
44%
Austin
40%
Cheyenne
33%
Frankfort
33%
Helena
33%
Springfield
33%
Indianapolis
29%
Jackson
29%
Olympia
29%
Montpelier
25%
Salem
25%
Hartford
17%
Richmond
17%
Albany
14%
Tallahassee
13%
Bismarck
11%
Madison
11%
Annapolis
0%
Charleston
0%
Columbus
0%
Concord
0%
Harrisburg
0%
Juneau
0%
Lansing
0%
Nashville
0%
Providence
0%
Raleigh
0%
Sacramento
0%
Topeka
0%
Trenton
0%
Nie znaleziono quizów pasujących do podanych kryteriów
Rozkład punktacji
Procent ludzi z każdym wynikiem
Percentyl według liczby udzielonych odpowiedzi
Twoja historia wyników
Nie rozwiązałeś tego quizu